000 00304nam a22001337a 4500
008 170622b xxu||||| |||| 00| 0 eng d
020 _a9791567656151
041 _aeng
080 _a32
100 _a20
101 _aSHP
245 _aCURRENT ISSUES IN AMERICAN DEMOCRACY
_cANTELL, G
942 _2udc
_cBK
999 _c18744
_d18744